| 000 -LEADER | |
|---|---|
| fixed length control field | 00396nam a22001697a 4500 |
| 005 - DATE AND TIME OF LATEST TRANSACTION | |
| control field | 20170829124335.0 |
| 008 - FIXED-LENGTH DATA ELEMENTS--GENERAL INFORMATION | |
| fixed length control field | 160630b xxu||||| |||| 00| 0 eng d |
| 020 ## - INTERNATIONAL STANDARD BOOK NUMBER | |
| ISBN | 978-81-259-4269-6 |
| 041 ## - LANGUAGE CODE | |
| Language code of text/sound track or separate title | eng |
| 082 ## - DEWEY DECIMAL CLASSIFICATION NUMBER | |
| Item number | 19610 |
| 100 ## - MAIN ENTRY--AUTHOR NAME | |
| Personal name | Bhavikatti S. S. |
| 245 ## - TITLE STATEMENT | |
| Title | Structural Analysis I |
| 260 ## - PUBLICATION, DISTRIBUTION, ETC. (IMPRINT) | |
| Name of publisher | vikas |
| Year of publication | 2011 |
| 300 ## - PHYSICAL DESCRIPTION | |
| Number of Pages | 403 |
| 650 ## - SUBJECT ADDED ENTRY--TOPICAL TERM | |
| Topical Term | Diploma Engineering |
| 942 ## - ADDED ENTRY ELEMENTS (KOHA) | |
| Koha item type | Books |
| Lost status | Damaged status | Home library | Current library | Shelving location | Date acquired | Cost, normal purchase price | Full call number | Accession Number | Koha item type | Collection code |
|---|---|---|---|---|---|---|---|---|---|---|
| JRU Library | SHELF-49-D | 30/06/2016 | 425.00 | 19610 | 19610 | Books | ||||
| JRU Library | SHELF-49-C | 30/06/2016 | 425.00 | 19610 | 19611 | Books | ||||
| JRU Library | JRU Library | SHELF-49-C | 30/06/2016 | 425.00 | 19610 | 19612 | Books | |||
| JRU Library | SHELF-49-C | 30/06/2016 | 425.00 | 19610 | 19613 | Books | ||||
| JRU Library | SHELF-49-C | 30/06/2016 | 425.00 | 19610 | 19614 | Books | ||||
| JRU Library | SHELF-49-C | 30/06/2016 | 425.00 | 19610 | 19615 | Books | ||||
| JRU Library | SHELF-49-C | 30/06/2016 | 425.00 | 19610 | 19616 | Books | ||||
| JRU Library | SHELF-49-C | 30/06/2016 | 425.00 | 19610 | 19617 | Books | ||||
| JRU Library | SHELF-49-C | 30/06/2016 | 425.00 | 19610 | 19618 | Books | ||||
| JRU Library | SHELF-49-C | 30/06/2016 | 425.00 | 19610 | 19619 | Books | ||||
| JRU Library | SHELF-49-C | 30/06/2016 | 425.00 | 19610 | 19620 | Books | ||||
| JRU Library | SHELF-49-C | 30/06/2016 | 425.00 | 19610 | 19621 | Books | ||||
| JRU Library | SHELF-49-C | 30/06/2016 | 425.00 | 19610 | 19622 | Books | ||||
| JRU Library | SHELF-72-D | 30/06/2016 | 425.00 | 19610 | 19623 | Books | Reference | |||
| JRU Library | SHELF-49-C | 30/06/2016 | 425.00 | 19610 | 19624 | Books |